000 00544nam a2200229Ia 4500
003 OSt
005 20220924142618.0
006 a|||||r|||| 00| 0
007 ta
008 ASM
024 _a302650
037 _cTextual
040 _aARTS
_cARTS
_bASM
041 _2ASM
_aASM
082 _aO158,3NCH2,1, L7
100 _aChoudhury Nagen
_9213741
245 0 _aAranya
260 _c1977
650 _aASSAMESE LITERATURE
_911738
942 _hO158,3NCH2,1, L7
_cTEXL
_2CC
999 _c451339
_d451339